| 000 | 00460nam a22001697a 4500 | ||
|---|---|---|---|
| 003 | CEME | ||
| 005 | 20210628202323.0 | ||
| 008 | 210302b xxu||||| |||| 00| 0 eng d | ||
| 040 | _c. | ||
| 082 | _a297.63 ABD | ||
| 100 |
_aAbdur Rehman Keylani. Moulana _959330 |
||
| 245 | _aSyedna muhammad sabro sbaat kay paker azeem | ||
| 260 |
_aLAHORE _bISLAMIC PUBLICATIONS _c2000 |
||
| 300 | _a212P | ||
| 650 |
_aSYEDNA MUHAMMAD SABRO SBAT _959331 |
||
| 942 |
_cBK _2ddc |
||
| 999 |
_c569340 _d569340 |
||